[Event "Kusadasi TUR"]
[Site "?"]
[Date "2006.04.16"]
[Round "1.1"]
[White "Izoria Zviad"]
[Black "Belov Vladimir"]
[Result "1-0"]
[WhiteElo "2647"]
[BlackElo "2599"]
[PlyCount "65"]
[EventDate "2006.??.??"]
[Source "www.chesslib.no"]
[SourceDate "2004.05.04"]

1. d4 Nf6 2. c4 c6 3. Bf4 d5 4. e3 Qb6 5. Qb3 e6 6. Nc3 Nbd7 7. Nf3 Be7 8. h3 O-O 9. Be2 dxc4 10. Bxc4 Qa5 11. O-O b5 12. Bxe6 Nc5 13. Bxf7+ Rxf7 14. dxc5 Nd7 15. Ne4 h6 16. Rfd1 Qa4 17. Qxa4 bxa4 18. Rac1 Bf8 19. Nd4 Nf6 20. Nxf6+ Rxf6 21. Bd6 Bxd6 22. cxd6 Rxd6 23. Nxc6 Rxd1+ 24. Rxd1 Be6 25. a3 Kf8 26. Rd6 Bf7 27. Nb4 Rc8 28. Rd2 Rc1+ 29. Kh2 Bb3 30. Nd5 Bxd5 31. Rxd5 Rc2 32. Kg3 Rxb2 33. Ra5 1-0

[Event "ES"]
[Site "?"]
[Date "1994.??.??"]
[Round "?"]
[White "Morovic Fernandez, Ivan E"]
[Black "Speelman, Jonathan S"]
[Result "0-1"]
[WhiteElo "2605"]
[BlackElo "2605"]
[PlyCount "78"]
[EventDate "1994.??.??"]
[Source "www.chesslib.no"]
[SourceDate "2004.05.04"]

1. d4 e6 2. c4 b6 3. a3 Bb7 4. Nc3 Nf6 5. d5 exd5 6. cxd5 b5 7. Qd4 a6 8. Bf4 Be7 9. e4 d6 10. a4 c5 11. Qd3 b4 12. Nce2 O-O 13. Ng3 Re8 14. Be2 Bf8 15. Nf3 a5 16. Nd2 Nbd7 17. Nc4 Nb6 18. Nxb6 Qxb6 19. f3 Ba6 20. Qb3 Bxe2 21. Nxe2 Qa6 22. Qc2 c4 23. O-O c3 24. bxc3 Nxd5 25. cxb4 Nxb4 26. Qd2 d5 27. Nc3 dxe4 28. Nxe4 Rad8 29. Qf2 Nd3 30. Qg3 f5 31. Ng5 Rd4 32. Bd2 h6 33. Nh3 Bd6 34. f4 Bf8 35. Bc3 Rde4 36. Qf3 Qc4 37. Bd2 Re2 38. Bxa5 Qc5+ 39. Kh1 R2e3 0-1

[Event "Monaco m"]
[Site "Monte Carlo"]
[Date "1994.??.??"]
[Round "6"]
[White "Ljubojevic, Ljubomir"]
[Black "Piket, Jeroen"]
[Result "0-1"]
[WhiteElo "2600"]
[BlackElo "2605"]
[PlyCount "92"]
[EventDate "1994.04.??"]
[Source "ChessBase"]

1. d4 Nf6 2. c4 c6 3. Bf4 d6 4. Nc3 g6 5. Qd2 Nbd7 6. Bh6 Bxh6 7. Qxh6 b5 8. Nf3 Bb7 9. e3 b4 10. Na4 c5 11. b3 e5 12. d5 Qe7 13. Nd2 Ng4 14. Qh3 f5 15. Be2 Ngf6 16. a3 a5 17. f3 Kd8 18. O-O Kc7 19. Qg3 Qg7 20. Ra2 h5 21. h4 Rhe8 22. Kf2 Re7 23. Ke1 Rae8 24. Rf2 Nh7 25. Kd1 Qh6 26. e4 Qe3 27. Rf1 fxe4 28. Qxg6 Nhf6 29. fxe4 Rg8 30. Qf5 Rxg2 31. Qf3 Qxf3 32. Bxf3 Rh2 33. Rh1 Rxh1+ 34. Bxh1 Rg7 35. Ke2 Rg4 36. Bf3 Rxh4 37. Kf2 Nf8 38. axb4 axb4 39. Kg3 Ng6 40. Nb2 Bc8 41. Ra7+ Kd8 42. Rf7 Rh3+ 43. Kf2 Ng4+ 44. Ke1 Ke8 45. Rh7 Nh4 46. Rh8+ Ke7 0-1

[Event "Vina del Mar"]
[Site "Vina del Mar"]
[Date "1988.??.??"]
[Round "6"]
[White "Ljubojevic, Ljubomir"]
[Black "Gulko, Boris F"]
[Result "1/2-1/2"]
[WhiteElo "2590"]
[BlackElo "2590"]
[PlyCount "29"]
[EventDate "1988.09.??"]
[Source "www.chesslib.no"]
[SourceDate "2004.05.04"]

1. Nf3 Nf6 2. c4 b6 3. g3 Bb7 4. Bg2 g6 5. d4 Bg7 6. O-O O-O 7. d5 c6 8. Nc3 cxd5 9. cxd5 e6 10. Ne1 Nxd5 11. Nxd5 Bxd5 12. Bxd5 exd5 13. Qxd5 Nc6 14. Nd3 Qe7 15. Be3 1/2-1/2

[Event "Zurich SUI"]
[Site "Zurich SUI"]
[Date "1984.??.??"]
[Round "9"]
[White "Gheorghiu, Florin"]
[Black "Korchnoi, Viktor L"]
[Result "1/2-1/2"]
[WhiteElo "2505"]
[BlackElo "2635"]
[PlyCount "39"]
[EventDate "1984.??.??"]
[Source "www.chesslib.no"]
[SourceDate "2004.05.04"]

1. d4 Nf6 2. c4 g5 3. f3 d5 4. cxd5 Nxd5 5. e4 Nb6 6. Nc3 Bg7 7. Be3 O-O 8. f4 Nc6 9. d5 Na5 10. Bd4 Bg4 11. Qd3 e5 12. fxe5 Nac4 13. Qg3 h5 14. Nf3 Qe7 15. O-O-O Bxf3 16. gxf3 c5 17. dxc6 bxc6 18. f4 Qb4 19. Qf2 Bh6 20. Bc5 1/2-1/2

[Event "Amsterdam m1"]
[Site "?"]
[Date "2000.08.15"]
[Round "5"]
[White "Piket Jeroen"]
[Black "Meijers Viesturs"]
[Result "1-0"]
[WhiteElo "2649"]
[BlackElo "2478"]
[PlyCount "141"]
[EventDate "2000.??.??"]
[Source "www.chesslib.no"]
[SourceDate "2004.05.04"]

1. d4 Nf6 2. c4 e6 3. Nc3 b6 4. e4 Bb7 5. f3 d6 6. Be3 c6 7. Bd3 Be7 8. Nge2 Na6 9. O-O O-O 10. Qd2 Nb4 11. Bb1 a5 12. a3 Na6 13. Bc2 Nc7 14. Bd3 Ba6 15. Rfc1 Qb8 16. e5 Nd7 17. f4 Rd8 18. Ne4 d5 19. cxd5 Bxd3 20. Qxd3 cxd5 21. Ng5 Bxg5 22. fxg5 Qb7 23. h4 Rac8 24. Nf4 Qa6 25. Rc6 Qxd3 26. Nxd3 Na8 27. Rac1 Rxc6 28. Rxc6 g6 29. Bd2 Nb8 30. Rc2 Kf8 31. b4 axb4 32. Bxb4+ Ke8 33. Nf2 Kd7 34. Ng4 Nc7 35. Nf6+ Kc8 36. Bd6 Nba6 37. Nxh7 Rh8 38. Nf6 Kb7 39. g3 Nb5 40. Rd2 Nb8 41. a4 Nxd6 42. exd6 Kc6 43. Ng4 Kxd6 44. Ne5 Rf8 45. Rf2 Ke7 46. Rc2 Kd8 47. Rb2 Nd7 48. Nxd7 Kxd7 49. Rxb6 Ra8 50. Rb4 e5 51. dxe5 Ke6 52. Kf2 Kxe5 53. Ke3 Rc8 54. Kd2 Rc5 55. Rf4 Ke6 56. Rf6+ Ke7 57. Kd3 Rc1 58. a5 Rd1+ 59. Kc2 Ra1 60. a6 d4 61. Kd3 Ra4 62. g4 Kf8 63. h5 gxh5 64. gxh5 Kg7 65. h6+ Kg8 66. Ke4 Rb4 67. Rd6 Ra4 68. Rd8+ Kh7 69. Rd7 Rxa6 70. Rxf7+ Kh8 71. Rf6 1-0

[Event "Mind Sports Games - Blitz Team"]
[Site "Pechino CINA"]
[Date "2008.10.13"]
[Round "3"]
[White "Drozdovskij, Y."]
[Black "Meijers, V."]
[Result "1/2-1/2"]
[WhiteElo "2587"]
[BlackElo "2514"]
[PlyCount "134"]
[EventDate "2008.10.13"]
[Source "www.chesslib.no"]
[SourceDate "2004.05.04"]

1. d4 e6 2. c4 b6 3. a3 Bb7 4. Nc3 Nf6 5. d5 Bd6 6. g3 O-O 7. Bg2 c6 8. Nf3 exd5 9. cxd5 Nxd5 10. Nxd5 cxd5 11. O-O Na6 12. b4 Nc7 13. Bb2 a5 14. bxa5 Rxa5 15. Nd4 Be5 16. Qb3 Ra6 17. Rfc1 Bf6 18. Nf5 Bc6 19. e3 Ne6 20. Bxf6 Qxf6 21. Qd3 Ra5 22. Rd1 Nc5 23. Qb1 Ne4 24. Bxe4 dxe4 25. Nd4 Bb7 26. Qc2 Rc5 27. Qb2 Rb8 28. Rab1 Ba8 29. Rdc1 Rxc1+ 30. Rxc1 Qe5 31. Qxb6 h5 32. Qc5 Qxc5 33. Rxc5 g6 34. Rc7 Bc6 35. Nxc6 dxc6 36. Rxc6 Ra8 37. Rc3 Kg7 38. Kf1 Kf6 39. Ke2 Kf5 40. h3 Ra5 41. Kd2 Kg5 42. Kc1 h4 43. Kb2 Rf5 44. gxh4+ Kxh4 45. Rc2 Kxh3 46. a4 g5 47. Kb3 Rd5 48. Kb4 f5 49. a5 Kg4 50. a6 Rd8 51. Kb5 f4 52. Rc5 fxe3 53. fxe3 Kf3 54. Rxg5 Kxe3 55. a7 Ra8 56. Rg7 Kf3 57. Kc4 e3 58. Kd3 Rd8+ 59. Kc3 Ra8 60. Rf7+ Ke2 61. Re7 Kf2 62. Kd3 Rd8+ 63. Kc4 e2 64. Kb5 e1=Q 65. Rxe1 Kxe1 66. Kb6 Ra8 67. Kb7 Rxa7+ 1/2-1/2

[Event "Open"]
[Site "?"]
[Date "1996.??.??"]
[Round "?"]
[White "Giorgadze Giorgi"]
[Black "Damljanovic Branko"]
[Result "1/2-1/2"]
[WhiteElo "2590"]
[BlackElo "2510"]
[PlyCount "23"]
[EventDate "1996.??.??"]
[Source "www.chesslib.no"]
[SourceDate "2004.05.04"]

1. d4 Nf6 2. c4 Ng8 3. Nc3 d5 4. e4 Bd7 5. Nge2 e6 6. exd5 e5 7. Be3 Bc6 8. Nc1 exd4 9. Bg5 Bc5 10. Bf6 Bb5 11. Nb1 Kd7 12. Nd3 1/2-1/2

[Event "Curacao Open"]
[Site "Willemstad"]
[Date "2003.10.28"]
[Round "4"]
[White "Gulko, Boris F"]
[Black "Stefanova, Antoaneta"]
[Result "1-0"]
[WhiteElo "2597"]
[BlackElo "2497"]
[PlyCount "91"]
[EventDate "2003.10.25"]
[Source "Roberto Alvarez"]
[SourceDate "2003.11.10"]

1. c4 Nf6 2. d4 c6 3. Bf4 d5 4. e3 e6 5. Nc3 Be7 6. Nf3 O-O 7. c5 b6 8. b4 a5 9. a3 Ba6 10. Bxa6 Nxa6 11. Ne5 Qc8 12. Na4 Bd8 13. cxb6 axb4 14. Qc2 Nb8 15. O-O Nfd7 16. axb4 Bxb6 17. Nxb6 Nxb6 18. Rxa8 Nxa8 19. Rc1 Nb6 20. Nxc6 Nxc6 21. Qxc6 Nc4 22. Qxc8 Rxc8 23. b5 f6 24. f3 g5 25. Bg3 h5 26. h3 h4 27. Bh2 Kf7 28. e4 f5 29. Be5 Ke7 30. exf5 exf5 31. f4 g4 32. g3 hxg3 33. hxg4 fxg4 34. f5 Ra8 35. Rb1 Ra7 36. f6+ Ke6 37. Kg2 Rb7 38. Kxg3 Kf5 39. b6 Nd2 40. f7 Rxf7 41. b7 Nxb1 42. b8=Q Nc3 43. Qc8+ Ke4 44. Qxc3 Rf3+ 45. Qxf3+ gxf3 46. Kf2 1-0

[Event "CZE-chT 0102"]
[Site "?"]
[Date "2001.12.15"]
[Round "4"]
[White "Stohl Igor"]
[Black "Cicak Slavko"]
[Result "1-0"]
[WhiteElo "2539"]
[BlackElo "2545"]
[PlyCount "115"]
[EventDate "2001.??.??"]
[Source "www.chesslib.no"]
[SourceDate "2004.05.04"]

1. d4 Nf6 2. c4 a6 3. Nc3 e6 4. e4 d5 5. e5 Ne4 6. cxd5 exd5 7. Bd3 f5 8. Nge2 c6 9. f3 Ng5 10. Qc2 g6 11. h4 Ne6 12. h5 Bg7 13. g4 fxg4 14. f4 c5 15. Bxg6+ hxg6 16. Qxg6+ Kf8 17. h6 Rg8 18. Rh5 Bf6 19. Qxf6+ Qxf6 20. exf6 Nxd4 21. Nxd4 cxd4 22. h7 Rh8 23. Nxd5 Nc6 24. Nb6 Rb8 25. f5 Bxf5 26. Rxf5 Re8+ 27. Kf2 Rxh7 28. Bf4 d3 29. Kg3 Re2 30. Nc4 b5 31. Ne5 Nd4 32. Rg5 Ne6 33. Rxg4 d2 34. Rd1 Rhh2 35. Rxd2 Rxd2 36. Bxd2 Rxd2 37. Rh4 Kg8 38. Rg4+ Kf8 39. f7 Ng7 40. Kf4 Rd4+ 41. Kf3 Rxg4 42. Kxg4 Ke7 43. Kf4 Ne6+ 44. Ke4 Kd6 45. Kf5 Ke7 46. Kg6 Nf4+ 47. Kg7 Nh5+ 48. Kh6 Nf4 49. Ng6+ Kxf7 50. Nxf4 Ke7 51. Kg5 Kd6 52. Kf5 Kc5 53. Ke4 Kc4 54. Nd5 a5 55. b3+ Kc5 56. a3 a4 57. b4+ Kc4 58. Nc7 1-0

[Event "New York Open"]
[Site "Newark, NJ USA"]
[Date "1995.??.??"]
[Round "?"]
[White "Benjamin, Joel L"]
[Black "Mariano, Nelson"]
[Result "1-0"]
[WhiteElo "2570"]
[BlackElo "2510"]
[PlyCount "113"]
[EventDate "1995.04.12"]
[Source "www.chesslib.no"]
[SourceDate "2004.05.04"]

1. d4 e6 2. c4 b6 3. a3 Bb7 4. Nc3 Nf6 5. d5 e5 6. Nf3 d6 7. g3 g6 8. Bg2 Bg7 9. Rb1 Nbd7 10. b4 O-O 11. e4 h6 12. O-O Ba6 13. Qe2 Kh8 14. Bh3 Ng8 15. Nh4 Ne7 16. Bb2 Nf6 17. Nb5 Ne8 18. Rbc1 Bc8 19. Bxc8 Qxc8 20. c5 bxc5 21. bxc5 Qa6 22. Qc4 Qb7 23. Rb1 a6 24. Nc3 Qa7 25. c6 f5 26. Bc1 Qd4 27. Qb3 a5 28. Be3 Qd3 29. Rfd1 Qa6 30. Qb7 Kh7 31. Qxa6 Rxa6 32. Rb7 fxe4 33. Nxe4 Ra8 34. a4 Kg8 35. Kg2 g5 36. Nf3 Nf5 37. h3 Bf6 38. Rdb1 Be7 39. Nfd2 Nd4 40. Bxd4 exd4 41. g4 Bf6 42. Rb8 Rxb8 43. Rxb8 Be5 44. Nc4 d3 45. Kf1 Kf7 46. Rd8 Kg7 47. Rd7+ Kg6 48. Nxe5+ dxe5 49. Re7 Rf4 50. Rxe5 Nf6 51. Nxf6 d2 52. Ke2 Rxf2+ 53. Kd1 Rxf6 54. Re7 Rf4 55. Rxc7 Rxa4 56. d6 Rd4 57. d7 1-0

[Event "JUG Ch"]
[Site "Kladovo"]
[Date "1990.??.??"]
[Round "?"]
[White "Kozul, Zdenko"]
[Black "Lazic, Miroljub"]
[Result "1/2-1/2"]
[WhiteElo "2575"]
[BlackElo "2495"]
[PlyCount "88"]
[EventDate "1990.02.??"]
[Source "www.chesslib.no"]
[SourceDate "2004.05.04"]

1. d4 Nf6 2. c4 a6 3. Qc2 c5 4. d5 e5 5. Nc3 d6 6. e4 g6 7. Nf3 Bg7 8. Be2 O-O 9. O-O Nh5 10. g3 Bg4 11. Rb1 h6 12. b4 Nd7 13. bxc5 Nxc5 14. Be3 Rc8 15. Rfc1 Nf6 16. Bxc5 Rxc5 17. Rxb7 Bxf3 18. Bxf3 Rxc4 19. Qd3 Rc5 20. Ne2 Nd7 21. Rcb1 Ra5 22. Qd2 Nc5 23. Rb8 Qc7 24. R8b6 Ra3 25. Rc6 Qe7 26. Bg2 f5 27. exf5 Rxf5 28. Rxc5 dxc5 29. d6 Qd8 30. d7 Rf8 31. Be4 Qf6 32. f3 Rd8 33. Nc3 Kh7 34. Rb7 Qe6 35. Qb2 Rxc3 36. Qxc3 Rxd7 37. Rxd7 Qxd7 38. Qxc5 Qd4+ 39. Qxd4 exd4 40. Kf2 Be5 41. f4 Bd6 42. Ke2 Bc5 43. Kd3 Kg7 44. Kc4 Bb6 1/2-1/2

[Event "Salona, Solin/Split CRO"]
[Site "?"]
[Date "2000.??.??"]
[Round "4"]
[White "Hauchard, A."]
[Black "Kurajica, B."]
[Result "1/2-1/2"]
[WhiteElo "2535"]
[BlackElo "2530"]
[PlyCount "47"]
[EventDate "2000.??.??"]
[Source "www.chesslib.no"]
[SourceDate "2004.05.04"]

1. Nf3 Nf6 2. c4 b6 3. g3 Bb7 4. Bg2 g6 5. d4 Bg7 6. O-O O-O 7. Nc3 Ne4 8. Qc2 Nxc3 9. Qxc3 c5 10. Be3 Bxf3 11. Bxf3 Nc6 12. Bxc6 dxc6 13. Rad1 Qd7 14. Qd3 cxd4 15. Bxd4 Rfd8 16. Bxg7 Qxd3 17. Rxd3 Rxd3 18. exd3 Kxg7 19. Re1 e6 20. Kf1 Rd8 21. Ke2 e5 22. Kd2 Kf6 23. Re4 g5 24. h4 1/2-1/2

[Event "Bad Zwesten GER"]
[Site "?"]
[Date "2001.01.05"]
[Round "6"]
[White "Epishin Vladimir"]
[Black "Meijers Viesturs"]
[Result "1/2-1/2"]
[WhiteElo "2578"]
[BlackElo "2483"]
[PlyCount "66"]
[EventDate "2001.??.??"]
[Source "www.chesslib.no"]
[SourceDate "2004.05.04"]

1. d4 Nf6 2. c4 e6 3. Nc3 b6 4. e4 d6 5. g3 Bb7 6. Bg2 Be7 7. Nge2 O-O 8. O-O e5 9. d5 c6 10. dxc6 Bxc6 11. b3 a6 12. a4 Nbd7 13. Ba3 Nc5 14. Qb1 Qc7 15. Re1 Qb7 16. Nd5 a5 17. Nxf6+ Bxf6 18. Nc3 Be7 19. Nd5 Bxd5 20. cxd5 b5 21. Bxc5 dxc5 22. Qd3 bxa4 23. bxa4 Bd6 24. Rab1 Qc7 25. Qb5 Rfb8 26. Qc6 Rxb1 27. Rxb1 Rb8 28. Rxb8+ Qxb8 29. Bf1 g6 30. Bb5 Qc7 31. Qa6 Kg7 32. Kf1 f5 33. exf5 gxf5 1/2-1/2

[Event "Israeli League"]
[Site "Tel Aviv ISR"]
[Date "1999.03.26"]
[Round "5"]
[White "Gurevich, D."]
[Black "Kogan, A."]
[Result "1-0"]
[WhiteElo "2545"]
[BlackElo "2507"]
[PlyCount "81"]
[EventDate "1999.??.??"]
[Source "www.chesslib.no"]
[SourceDate "2004.05.04"]

1. d4 Nf6 2. c4 c6 3. Bf4 d6 4. Nc3 Nbd7 5. Nf3 g6 6. e3 Bg7 7. h3 Qa5 8. Qc2 e5 9. Bh2 O-O 10. Be2 exd4 11. Nxd4 d5 12. Nb3 Qb4 13. a3 Qe7 14. cxd5 Nxd5 15. Nxd5 cxd5 16. O-O Ne5 17. Nd4 Be6 18. Qb3 Rac8 19. Rad1 Nc6 20. Nxe6 fxe6 21. Bg4 Kh8 22. Rd2 Na5 23. Qb4 Qxb4 24. axb4 Nc4 25. Rc2 Rc6 26. b5 Rb6 27. Bc7 Rxb5 28. Bxe6 Nxb2 29. Bd6 Ra8 30. Rfc1 Nc4 31. Bg3 Be5 32. f4 Bd6 33. e4 Ne3 34. e5 Nxc2 35. exd6 Nd4 36. f5 Ne2+ 37. Kh2 d4 38. Bh4 Kg7 39. Rc7+ Kh6 40. d7 d3 41. Rc8 1-0

[Event "BL2-West 9900"]
[Site "Germany"]
[Date "2000.04.09"]
[Round "9.1"]
[White "Dorfman, Josif D"]
[Black "Cuijpers, Frans Andre"]
[Result "1/2-1/2"]
[WhiteElo "2596"]
[BlackElo "2450"]
[PlyCount "87"]
[EventDate "1999.10.??"]
[Source "ChessBase"]
[SourceDate "2000.05.11"]

1. c4 Nf6 2. d4 c6 3. Bf4 d5 4. e3 Bf5 5. Nc3 e6 6. Qb3 b6 7. Nf3 Bd6 8. Bxd6 Qxd6 9. cxd5 exd5 10. Be2 Nbd7 11. O-O h6 12. Rfd1 O-O 13. Rac1 Rfd8 14. h3 a5 15. a3 Rab8 16. Qa2 Ne4 17. Bd3 Ndf6 18. Ne5 Rbc8 19. Ne2 Be6 20. Qb1 c5 21. f3 Ng5 22. Nc3 cxd4 23. exd4 Bd7 24. Ba6 Rc7 25. Bf1 Be8 26. Qd3 Ne6 27. Qd2 Rdc8 28. Re1 Rb8 29. Na2 Rbc8 30. Rxc7 Qxc7 31. Nc3 Qd6 32. Qe3 Rb8 33. Nd3 Bd7 34. Qe5 Qxe5 35. dxe5 d4 36. Ne2 Nd5 37. f4 g6 38. g4 Bb5 39. f5 Nc5 40. Ndf4 Nxf4 41. Nxf4 Bxf1 42. Kxf1 gxf5 43. gxf5 d3 44. e6 1/2-1/2

[Event "Las Palmas Pirez"]
[Site "Las Palmas"]
[Date "1993.??.??"]
[Round "4"]
[White "Cifuentes Parada, Roberto"]
[Black "Kurajica, Bojan"]
[Result "1/2-1/2"]
[WhiteElo "2495"]
[BlackElo "2550"]
[PlyCount "42"]
[EventDate "1993.09.??"]
[Source "ChessBase"]

1. Nf3 Nf6 2. c4 b6 3. g3 Bb7 4. Bg2 g6 5. d4 Bg7 6. O-O O-O 7. Nc3 Ne4 8. Nxe4 Bxe4 9. Be3 d5 10. Qc1 Nc6 11. Rd1 Qd7 12. Qc3 Rad8 13. Rac1 dxc4 14. Qxc4 Bd5 15. Qa4 Bxf3 16. Bxf3 Nxd4 17. Qxd7 Rxd7 18. Bxd4 Rxd4 19. Rxd4 Bxd4 20. Rxc7 e6 21. b4 a5 1/2-1/2

[Event "Moscow RUS"]
[Site "Moscow RUS"]
[Date "1995.??.??"]
[Round "?"]
[White "Smagin, Sergey B"]
[Black "Naumkin, Igor"]
[Result "1/2-1/2"]
[WhiteElo "2540"]
[BlackElo "2500"]
[PlyCount "25"]
[EventDate "1995.??.??"]
[Source "www.chesslib.no"]
[SourceDate "2004.05.04"]

1. d4 Nf6 2. c4 e6 3. d5 b6 4. Qd2 Bb7 5. e3 Bc5 6. f4 Kf8 7. b4 Ne8 8. Qd1 Bc8 9. Kd2 Qf6 10. Kd3 Bxe3 11. Qh5 Ba6 12. Kc2 c5 13. bxc5 1/2-1/2

[Event "Israel (ch)"]
[Site "?"]
[Date "1996.??.??"]
[Round "?"]
[White "Greenfeld, A."]
[Black "Kogan, A."]
[Result "1-0"]
[WhiteElo "2555"]
[BlackElo "2475"]
[PlyCount "63"]
[EventDate "1996.??.??"]
[Source "ChessBase"]
[SourceDate "1996.10.01"]

1. d4 Nf6 2. Nf3 b6 3. g3 Bb7 4. c4 Bxf3 5. exf3 d5 6. Bg5 e6 7. cxd5 exd5 8. Qe2+ Qe7 9. Bxf6 gxf6 10. Qe3 Bh6 11. f4 Qxe3+ 12. fxe3 Nc6 13. Bb5 Kd7 14. Nc3 Kd6 15. Bd3 Ne7 16. e4 c6 17. Kf2 Bg7 18. exd5 Nxd5 19. Nxd5 Kxd5 20. Bf5 h6 21. Rac1 Kd6 22. Rc2 Rab8 23. Rhc1 c5 24. dxc5+ bxc5 25. Rd1+ Kc6 26. Rd7 Bf8 27. Rxf7 c4 28. Rxf6+ Kb5 29. Be6 Bc5+ 30. Kf3 Bd4 31. Bxc4+ Kc5 32. Bd3+ 1-0

[Event "LADAC/CAPA"]
[Site "?"]
[Date "1998.10.04"]
[Round "?"]
[White "Lopepe Pedro Antonio (ARG)"]
[Black "Enricci Juan Andres (ARG)"]
[Result "1-0"]
[WhiteElo "2521"]
[BlackElo "2509"]
[PlyCount "49"]
[EventDate "1998.??.??"]
[Source "www.chesslib.no"]
[SourceDate "2004.05.04"]

1. d4 Nf6 2. c4 e6 3. Nc3 b6 4. e4 Bb7 5. Qc2 Bb4 6. Bd3 c5 7. d5 d6 8. Nge2 exd5 9. exd5 b5 10. b3 Nbd7 11. O-O bxc4 12. bxc4 Ne5 13. Bf4 Nxd3 14. Qxd3 O-O 15. Nb5 Ne8 16. Rfb1 a6 17. Nbd4 Rb8 18. Rb3 Ba8 19. Rab1 Rc8 20. Nf5 Qd7 21. Qh3 Rd8 22. a3 Ba5 23. Re3 Kh8 24. Bg5 f6 25. Nf4 1-0

[Event "URS-FL"]
[Site "Baku"]
[Date "1977.??.??"]
[Round "1"]
[White "Rashkovsky, Nukhim N"]
[Black "Razuvaev, Yuri S"]
[Result "1/2-1/2"]
[WhiteElo "2510"]
[BlackElo "2510"]
[PlyCount "67"]
[EventDate "1977.??.??"]
[Source "ChessBase"]

1. Nf3 Nf6 2. c4 b6 3. g3 Bb7 4. Bg2 g6 5. O-O Bg7 6. d4 O-O 7. Nc3 Ne4 8. Nxe4 Bxe4 9. Be3 d5 10. Rc1 dxc4 11. Rxc4 Bd5 12. Rc1 a5 13. a3 a4 14. Bf4 Ra7 15. Be5 Bh6 16. Rc3 Nd7 17. Bf4 Bxf4 18. gxf4 c5 19. f5 Bxf3 20. Rxf3 cxd4 21. Qxd4 Nf6 22. Qf4 Ra5 23. fxg6 hxg6 24. Rd3 Qb8 25. Qxb8 Rxb8 26. Rc1 Ra7 27. Rdc3 Rd7 28. Bf3 Kg7 29. Rc7 Rbd8 30. Rxd7 Rxd7 31. Rc6 Rd1+ 32. Kg2 Nd7 33. Rc4 Nc5 34. Rb4 1/2-1/2

[Event "Bad Endbach"]
[Site "Bad Endbach"]
[Date "1995.??.??"]
[Round "?"]
[White "Bischoff, Klaus"]
[Black "Lau, Ralf"]
[Result "1/2-1/2"]
[WhiteElo "2525"]
[BlackElo "2490"]
[PlyCount "49"]
[EventDate "1995.04.??"]
[Source "www.chesslib.no"]
[SourceDate "2004.05.04"]

1. c4 b6 2. d4 e6 3. a3 Nf6 4. Nc3 Bb7 5. d5 exd5 6. cxd5 g6 7. g3 Bg7 8. Bg2 O-O 9. Nh3 c5 10. O-O d6 11. Qa4 a6 12. Qh4 Nbd7 13. Bh6 Re8 14. Ng5 Bh8 15. Qf4 Ne5 16. h3 Qe7 17. Rfd1 b5 18. b3 Rab8 19. Rac1 Ba8 20. Nge4 Nfd7 21. Qd2 f6 22. h4 Nf7 23. Bf4 b4 24. axb4 Rxb4 25. Qa2 1/2-1/2

[Event "Gudmundur Arason op 4th"]
[Site "Hafnarfjordur"]
[Date "1998.12.19"]
[Round "6"]
[White "Lugovoi, Aleksei"]
[Black "Bosboom, Manuel"]
[Result "1/2-1/2"]
[WhiteElo "2525"]
[BlackElo "2490"]
[PlyCount "43"]
[EventDate "1998.12.??"]
[Source "www.chesslib.no"]
[SourceDate "2004.05.04"]

1. d4 Nf6 2. c4 a6 3. Nc3 c5 4. e3 g6 5. Nf3 Bg7 6. Be2 cxd4 7. exd4 d5 8. O-O O-O 9. Ne5 Nc6 10. Bf4 dxc4 11. Nxc6 bxc6 12. Bxc4 Ne8 13. Be5 Nd6 14. Bb3 Nf5 15. Bxg7 Kxg7 16. d5 Bb7 17. dxc6 Bxc6 18. Qxd8 Rfxd8 19. Rfd1 a5 20. Bc4 Rab8 21. b3 h5 22. Kf1 1/2-1/2

[Event "JUG-ch53"]
[Site "Belgrade "]
[Date "1998.03.18"]
[Round "5"]
[White "Ilincic, Zlatko"]
[Black "Petronic, Jovan"]
[Result "1-0"]
[WhiteElo "2565"]
[BlackElo "2450"]
[PlyCount "75"]
[EventDate "1998.03.14"]
[Source "ChessBase"]
[SourceDate "1998.06.15"]

1. d4 Nf6 2. c4 a6 3. Nc3 c5 4. d5 b5 5. Qc2 d6 6. e4 b4 7. Nd1 e5 8. f4 exf4 9. Bxf4 Nh5 10. Be3 g6 11. Nf2 Bg7 12. Be2 O-O 13. Bxh5 gxh5 14. Ne2 f5 15. O-O Ra7 16. Nf4 Qe8 17. Qe2 h4 18. Nh5 fxe4 19. Nxg7 Rxg7 20. Bh6 e3 21. Qxe3 Qxe3 22. Bxe3 Rg6 23. Ne4 Nd7 24. Rxf8+ Nxf8 25. Rf1 Bg4 26. Rf6 Be2 27. Rxg6+ hxg6 28. Nxd6 Nd7 29. Kf2 Bd3 30. Ke1 Ne5 31. b3 Bb1 32. Kd2 Nd7 33. Nb7 Kf7 34. Nxc5 Nxc5 35. Bxc5 Be4 36. g3 hxg3 37. hxg3 a5 38. Bb6 1-0

[Event "ch, YUG"]
[Site "?"]
[Date "1998.??.??"]
[Round "5"]
[White "Ilincic Zlatko"]
[Black "Petronic Jovan"]
[Result "1-0"]
[WhiteElo "2565"]
[BlackElo "2450"]
[PlyCount "75"]
[EventDate "1998.??.??"]
[Source "www.chesslib.no"]
[SourceDate "2004.05.04"]

1. d4 Nf6 2. c4 a6 3. Nc3 c5 4. d5 b5 5. Qc2 d6 6. e4 b4 7. Nd1 e5 8. f4 exf4 9. Bxf4 Nh5 10. Be3 g6 11. Nf2 Bg7 12. Be2 O-O 13. Bxh5 gxh5 14. Ne2 f5 15. O-O Ra7 16. Nf4 Qe8 17. Qe2 h4 18. Nh5 fxe4 19. Nxg7 Rxg7 20. Bh6 e3 21. Qxe3 Qxe3 22. Bxe3 Rg6 23. Ne4 Nd7 24. Rxf8+ Nxf8 25. Rf1 Bg4 26. Rf6 Be2 27. Rxg6+ hxg6 28. Nxd6 Nd7 29. Kf2 a5 30. Ke1 Bxc4 31. b3 Bd3 32. Kd1 Ba6 33. Nf7 Nf8 34. Ke1 Nh7 35. Bxc5 Bd3 36. Ne5 Ng5 37. Nd7 a4 38. Bb6 1-0

[Event "Anibal Open ESP"]
[Site "?"]
[Date "2001.??.??"]
[Round "7"]
[White "Avrukh, B."]
[Black "Felgaer, R."]
[Result "1/2-1/2"]
[WhiteElo "2625"]
[BlackElo "2390"]
[PlyCount "56"]
[EventDate "2001.??.??"]
[Source "www.chesslib.no"]
[SourceDate "2004.05.04"]

1. d4 Nf6 2. c4 a6 3. e3 g6 4. Nc3 Bg7 5. g3 O-O 6. Bg2 c6 7. e4 b5 8. c5 d6 9. cxd6 exd6 10. Nge2 Re8 11. Qc2 Bb7 12. Bf4 c5 13. dxc5 dxc5 14. O-O Nc6 15. Rad1 Nd4 16. Nxd4 cxd4 17. Rfe1 Qc8 18. Rxd4 Nd5 19. Rxd5 Bxd5 20. Qd2 Bb7 21. Rc1 Qd8 22. Nd5 Bxd5 23. exd5 Rc8 24. Rd1 Be5 25. Be3 Qd6 26. a3 Rc4 27. Bf1 Rc7 28. b4 Rec8 1/2-1/2

[Event "Chigorin Memorial"]
[Site "St. Petersburg"]
[Date "2004.10.24"]
[Round "9.18"]
[White "Lugovoi, Aleksei"]
[Black "Korniushin, Nikolay"]
[Result "1-0"]
[WhiteElo "2550"]
[BlackElo "2457"]
[PlyCount "55"]
[EventDate "2004.10.15"]
[Source "Roberto Alvarez"]
[SourceDate "2004.11.08"]

1. d4 Nf6 2. c4 a6 3. Nc3 c5 4. dxc5 e6 5. e4 Qa5 6. e5 Ne4 7. Qa4 Qxa4 8. Nxa4 Nc6 9. Be3 Nxe5 10. f3 Nf6 11. O-O-O Ng8 12. Nh3 Ne7 13. Be2 f6 14. g4 h5 15. Nf2 f5 16. h3 Nf7 17. Rhe1 g6 18. g5 Nc6 19. f4 Be7 20. Bf3 Bd8 21. Nd3 e5 22. Nxe5 Ncxe5 23. Bd4 O-O 24. Bxe5 Nxe5 25. Rxe5 Bc7 26. Rd6 Bxd6 27. cxd6 a5 28. c5 1-0

[Event "IV Open, Malaga ESP"]
[Site "?"]
[Date "2001.??.??"]
[Round "4"]
[White "Gleizerov, E."]
[Black "Felgaer, R."]
[Result "1-0"]
[WhiteElo "2585"]
[BlackElo "2420"]
[PlyCount "75"]
[EventDate "2001.??.??"]
[Source "www.chesslib.no"]
[SourceDate "2004.05.04"]

1. d4 Nf6 2. c4 a6 3. Nc3 c5 4. dxc5 e6 5. e4 Qa5 6. e5 Ne4 7. Qa4 Qxa4 8. Nxa4 Nc6 9. Be3 Nxe5 10. f3 Nf6 11. O-O-O Ng6 12. Nh3 Be7 13. Nf4 e5 14. Nd5 Nxd5 15. Rxd5 O-O 16. Bd3 Bf6 17. Nb6 Rb8 18. Bf5 Ne7 19. Bxd7 Nxd5 20. cxd5 Bxd7 21. Nxd7 Rbd8 22. Nxf8 Rxd5 23. Nxh7 Kxh7 24. Rd1 Rxd1+ 25. Kxd1 e4 26. fxe4 Bxb2 27. Ke2 Be5 28. h3 Kg6 29. Kd3 Bg3 30. Bd4 f6 31. Kc4 Kf7 32. Kd5 g5 33. a4 Ke7 34. Bc3 Bf2 35. g4 Be3 36. c6 bxc6+ 37. Kxc6 Ke6 38. a5 1-0